[Event "Srpska Republic-chT 1st League"]
[Site "Banja Vrucica"]
[Date "2014.08.11"]
[Round "3.1"]
[White "Radulovic, Drazen"]
[Black "Bozic, Milan"]
[Result "0-1"]
[WhiteElo "2194"]
[BlackElo "2412"]
[PlyCount "66"]
[EventDate "2014.08.09"]
[EventType "team-tourn"]
[EventRounds "9"]
[EventCountry "BIH"]
[SourceTitle "EXT 2016"]
[Source "ChessBase"]
[SourceDate "2015.10.08"]
[SourceVersion "1"]
[SourceVersionDate "2015.10.08"]
[SourceQuality "1"]
[WhiteTeam "Derventa"]
[BlackTeam "Kozarska Dubica"]
[WhiteTeamCountry "BIH"]
[BlackTeamCountry "BIH"]

1. e4 d6 2. d4 c6 3. Nf3 Bg4 4. h3 Bh5 5. Be3 Nd7 6. Nbd2 e5 7. c3 Ngf6 8. Bd3 Be7 9. Qb3 Qc7 10. a4 Bg6 11. 0-0 0-0 12. Nh4 d5 13. Nxg6 hxg6 14. Rae1 Kh8 15. dxe5 Nxe5 16. Bf4 Bd6 17. Bxe5 Bxe5 18. Nf3 dxe4 19. Bxe4 Nxe4 20. Rxe4 Bf6 21. Rfe1 Rad8 22. Qc4 Rd5 23. g3 Qd7 24. Kg2 b5 25. Qe2 a5 26. c4 bxc4 27. Qxc4 Rb8 28. R1e2 g5 29. h4 gxh4 30. Rxh4+ Bxh4 31. Qxh4+ Kg8 32. Ng5 Qf5 33. Re7 Qxg5 0-1

[Event "BIH-chT Cup"]
[Site "Banja Vrucica"]
[Date "2013.08.12"]
[Round "3"]
[White "Radulovic, Drazen"]
[Black "Cvijic, Nevenko"]
[Result "1/2-1/2"]
[WhiteElo "2161"]
[BlackElo "2146"]
[PlyCount "74"]
[EventDate "2013.08.10"]
[EventType "team-tourn"]
[EventRounds "9"]
[EventCountry "BIH"]
[SourceTitle "CBM 155 Extra"]
[Source "ChessBase"]
[SourceDate "2013.08.26"]
[SourceVersion "1"]
[SourceVersionDate "2013.08.26"]
[SourceQuality "1"]

1. e4 c5 2. Nc3 Nc6 3. f4 d6 4. Nf3 a6 5. a4 Nf6 6. g3 g6 7. Bg2 Bg7 8. 0-0 0-0 9. d3 Rb8 10. h3 b5 11. axb5 axb5 12. g4 h5 13. g5 Ne8 14. Nh4 b4 15. Ne2 Nd4 16. f5 Nxe2+ 17. Qxe2 Kh7 18. fxg6+ fxg6 19. Rxf8 Bxf8 20. Qf3 Ng7 21. Be3 Bd7 22. Rf1 Qe8 23. Qg3 Be6 24. d4 Bc4 25. Rf2 cxd4 26. Bxd4 e5 27. Be3 Be7 28. Bf1 Bxf1 29. Rxf1 Rc8 30. Qg2 Ne6 31. Qd2 Qg8 32. Rf2 Rf8 33. Ng2 Rxf2 34. Kxf2 Qc8 35. h4 Qc4 36. Qd3 Qc6 37. Ne1 Bd8 1/2-1/2

[Event "Srpska Republic-ch"]
[Site "Prijedor"]
[Date "2012.12.29"]
[Round "5"]
[White "Elez, Sinisa"]
[Black "Radulovic, Drazen"]
[Result "1/2-1/2"]
[WhiteElo "2123"]
[BlackElo "2164"]
[PlyCount "65"]
[EventDate "2012.12.27"]
[EventType "swiss"]
[EventRounds "7"]
[EventCountry "BIH"]
[SourceTitle "CBM 152 Extra"]
[Source "ChessBase"]
[SourceDate "2013.02.25"]
[SourceVersion "1"]
[SourceVersionDate "2013.02.25"]
[SourceQuality "1"]

1. e4 c5 2. Nf3 d6 3. Bb5+ Bd7 4. Bxd7+ Qxd7 5. 0-0 Nf6 6. e5 Nd5 7. b3 Nc6 8. Bb2 e6 9. exd6 Bxd6 10. Na3 0-0 11. Nc4 Be7 12. a4 Bf6 13. Bxf6 Nxf6 14. Qe2 Rfd8 15. Rfe1 Nd4 16. Nxd4 Qxd4 17. Qf3 Rd5 18. Rad1 Rf5 19. Qe3 Rd8 20. Qxd4 Rxd4 21. Ne3 Re5 22. c3 Rd3 23. g3 Nd5 24. Nc4 Rxe1+ 25. Rxe1 Nf6 26. Kf1 Kf8 27. Ke2 Rd5 28. Ne3 Rd7 29. d3 Nd5 30. Kd2 Ke7 31. Nc4 f6 32. f4 g6 33. Ne3 1/2-1/2

[Event "Srpska Republic-chT 1st League"]
[Site "Trebinje"]
[Date "2009.08.15"]
[Round "6"]
[White "Radulovic, Drazen"]
[Black "Popovic, Zoran"]
[Result "0-1"]
[WhiteElo "2180"]
[BlackElo "2359"]
[PlyCount "71"]
[EventDate "2009.08.10"]
[EventType "team-tourn"]
[EventRounds "9"]
[EventCountry "BIH"]
[SourceTitle "EXT 2019"]
[Source "ChessBase"]
[SourceDate "2018.10.10"]
[SourceVersion "1"]
[SourceVersionDate "2018.10.10"]
[SourceQuality "1"]

1. e4 c6 2. d4 d5 3. Nd2 dxe4 4. Nxe4 Bf5 5. Ng3 Bg6 6. h4 h6 7. h5 Bh7 8. Nf3 Nd7 9. Bd3 Bxd3 10. Qxd3 e6 11. Bf4 Qa5+ 12. Bd2 Qc7 13. 0-0-0 0-0-0 14. Ne4 Ngf6 15. g3 Nxe4 16. Qxe4 Nf6 17. Qe2 Bd6 18. c4 c5 19. Bc3 Rhe8 20. Kb1 a6 21. b3 cxd4 22. Nxd4 Bc5 23. Nc2 Qc6 24. f3 Rxd1+ 25. Qxd1 Rd8 26. Qe2 Qd6 27. Be5 Qd3 28. Qg2 Nxh5 29. g4 Nf6 30. Kc1 Ne8 31. Re1 f6 32. Bb2 e5 33. b4 Bd4 34. Bxd4 exd4 35. c5 Qc4 36. Qf1 0-1